| 000 | 00985cam a22002775a 4500 | ||
|---|---|---|---|
| 001 | 15312402 | ||
| 005 | 20151110110942.0 | ||
| 008 | 080602s2008 enka frb f001 0 eng d | ||
| 020 | _a9780521723428 (pbk.) | ||
| 040 |
_aDLC _cDLC _dBAKER _dYDXCP _dBTCTA _dOCLCG _dBWKUK _dBWK _dUKM _dCDX _dBWX _dNLGGC _dDLC _beng _dEG-ScBUE |
||
| 082 | 0 | 4 |
_a306.201 _222 _bPOL |
| 245 | 0 | 0 |
_aPolitics, gender, and concepts : _btheory and methodology / _cedited by Gary Goertz and Amy G. Mazur. |
| 260 |
_aCambridge ; _aNew York : _bCambridge University Press, _c2008. |
||
| 300 |
_axii, 307 p. : _bill. ; _c26 cm. |
||
| 500 | _aIndex : p. 303-307. | ||
| 504 | _aBibliography : p. [271]-302. | ||
| 650 | 0 |
_aWomen _xGovernment policy. _2BUEsh |
|
| 650 | 0 |
_aWomen _xPolitical activity. _2BUEsh |
|
| 650 | 0 |
_aFeminism. _2BUEsh |
|
| 651 | _2BUEsh | ||
| 653 |
_bBUSBOL _cNovember2015 |
||
| 655 |
_vReading book _934232 |
||
| 700 | 1 |
_aGoertz, Gary, _d1953-, _eeditor. |
|
| 700 | 1 |
_aMazur, Amy, _eeditor. |
|
| 942 | _2ddc | ||
| 999 |
_c21023 _d20995 |
||